Non-Stop - Hamilton Lyrics Pt 2 - Statistics

General Stats
  • This quiz has been taken 124 times
  • The average score is 364 of 500
Answer Stats
Answer % Correct
a
100%
I
97%
the
96%
The
96%
Do
90%
do
90%
Of
90%
of
90%
you
90%
you!
90%
no
87%
to
87%
To
87%
we
87%
write
87%
Write
87%
And
85%
and
85%
how
85%
How
85%
it!
85%
it
85%
your
85%
time
84%
time?
84%
He
82%
is
82%
my
82%
My
82%
on
82%
who
82%
Who
82%
you're
82%
are
81%
Are
81%
For
81%
for
81%
go
81%
in
81%
In
81%
Hamilton
79%
like
79%
Like
79%
like-
79%
me
79%
run
79%
Alexander
78%
Alexander!
78%
be
78%
men
78%
out
78%
Running
78%
running
78%
that
78%
what
78%
after
76%
am
76%
not
76%
alive
75%
don't
75%
Don't
75%
this
75%
will
75%
at
74%
day
74%
enough
74%
enough?
74%
if
74%
If
74%
I'm
74%
Look
74%
look
74%
where
74%
Why
74%
all
72%
now
72%
can
71%
every
71%
Every
71%
it's
71%
Then
71%
they
71%
They
71%
wait
71%
Burr
69%
have
69%
Just
69%
keep
69%
man
69%
forget
68%
lot
68%
nation
68%
second
68%
survive?
68%
would
68%
Would
68%
wrote
68%
fact
66%
five
66%
get
66%
life
66%
need
66%
ask
65%
but
65%
could
65%
miracle
65%
night
65%
started
65%
take
65%
Angelica
63%
chest
63%
satisfied
63%
stay
63%
wife
63%
with
63%
always
62%
around
62%
asking
62%
blow
62%
build
62%
fifty-one!
62%
fought
62%
fraction
62%
lead
62%
London
62%
off
62%
once
62%
other
62%
stand
62%
was
62%
wrong
62%
close
60%
defend
60%
fun
60%
isn't
60%
Isn't
60%
know
60%
never
60%
understand
60%
wind
60%
writing
60%
by
59%
constitution?
59%
Constitution
59%
days
59%
got
59%
horse?
59%
Madison
59%
one
59%
pays
59%
plan
59%
right
59%
share
59%
side
59%
won't
59%
arrive?
57%
backing
57%
fight
57%
has
57%
husband
57%
John
57%
leave
57%
taking
57%
tomorrow
57%
watching
57%
Watching
57%
essays
56%
eyes
56%
grant
56%
grow
56%
lucky
56%
mind
56%
notion
56%
or
56%
pride
56%
support
56%
accompanied
54%
afterbirth
54%
Everyday
54%
found
54%
hand
54%
History
54%
James
54%
peace
54%
sailing
54%
see
54%
sick
54%
Sir
54%
someone
54%
State
54%
want
54%
Way
54%
killed
53%
match
53%
six
53%
Treasury
53%
wealthy
53%
end
51%
Let's
51%
people
51%
series
51%
They're
51%
three
51%
which
51%
best
50%
doing
50%
Jay
50%
phrase
50%
shot!
50%
studied
50%
tension
50%
away
49%
Department?
49%
There's
49%
throwing
49%
turn
49%
twenty-nine
49%
comfort
47%
months
47%
plans
47%
eighty-five
46%
twenty-five
46%
room?
43%
smartest
43%
span
43%
among
41%
Defending
41%
forces
41%
joins
41%
work
41%
behind
40%
divided
40%
total
40%
world
38%
evenly
37%
here
37%
assume
32%
Federalist
28%
Papers
28%
course
26%
doom
26%
Soon
26%
attitude
25%
may
21%
entitled
10%
No matching quizzes found
Score Distribution
Percent of People with Each Score
Percentile by Number Answered
Your Score History
You have not taken this quiz